STN EN 772-16: 2001 (72 2636) [neplatná], Metódy skúšania murovacích prvkov Časť 16 Stanovenie rozmerov
Táto národná norma je identická s EN 772-16: 2000 v českom jazyku
| Main Author: | |
|---|---|
| Corporate Author: | |
| Other Authors: | |
| Format: | Book |
| Language: | Czech Slovak English |
| PhysicalDescription: | [12] s. obr., tab. 30 cm |
| Published: |
Bratislava
Slovenský ústav technickej normalizácie
2001
|
| Subjects: |
MARC
| LEADER | 00000nam a2200000 a 4500 | ||
|---|---|---|---|
| 001 | vtls008944899 | ||
| 003 | SK-MaSNL | ||
| 005 | 20260302075627.0 | ||
| 008 | 130117s2001 xo a f u 000 0 cze | ||
| 015 | |a SNBN2014 | ||
| 020 | |c (cen. skup. 10) | ||
| 040 | |a SNK |b slo |c SNK |e AACR2 | ||
| 041 | 1 | |a cze |a slo |h eng | |
| 044 | |a xo |c SK | ||
| 046 | |a m |m 200112 (účin.) |n 201111 (zruš.) | ||
| 072 | 7 | |a 691 |x Stavebné hmoty |2 konspekt | |
| 072 | 7 | |a 006 |x Metrológia. Štandardizácia |2 konspekt | |
| 080 | |a 691 |2 2001 | ||
| 080 | |a 620.1 |2 2001 | ||
| 080 | |a 006.86 |2 2001 | ||
| 080 | |a (437.6) |2 2001 | ||
| 080 | |a (4) |2 2001 | ||
| 080 | |a (083) |2 2001 | ||
| 080 | |a 006.78 |2 2001 | ||
| 084 | |a 91.100.15 |2 ICS | ||
| 130 | 0 | |a STN 72 2636 (STN EN 772-16) [neplatná] |9 742732 | |
| 245 | 1 | 0 | |a STN EN 772-16: 2001 (72 2636) [neplatná], Metódy skúšania murovacích prvkov |n Časť 16 |p Stanovenie rozmerov |
| 246 | 1 | 0 | |a Metódy skúšania murovacích prvkov |
| 246 | 1 | 0 | |a Stanovenie rozmerov |
| 246 | 3 | 0 | |a EN 772-16: 2000 E |
| 260 | |a Bratislava |b Slovenský ústav technickej normalizácie |c 2001 | ||
| 300 | |a [12] s. |b obr., tab. |c 30 cm | ||
| 500 | |a Norma je nahradená normou STN EN 772-16 z novembra 2011 v celom rozsahu | ||
| 500 | |a Spracovateľ: SSTN Bratislava, Anna Písečná ; SÚTN Bratislava, Henrieta Tölgyessyová | ||
| 500 | |a Súbežný názov v angličtine, francúzštine, nemčine | ||
| 504 | |a Citované normy, súvisiace STN a súvisiace právne predpisy s. II | ||
| 520 | 8 | |a Táto národná norma je identická s EN 772-16: 2000 v českom jazyku | |
| 540 | |a STN vydané na akomkoľvek nosiči sa môžu rozmnožovať a rozširovať iba so súhlasom určenej právnickej osoby |b SÚTN Bratislava |c zákon 264/1999 Z. z. | ||
| 650 | 0 | 7 | |a stavebné materiály |2 SNKPH |9 31817 |
| 650 | 0 | 7 | |a skúšobníctvo |2 SNKPH |9 4202 |
| 650 | 0 | 7 | |a technické normy a štandardy |z Slovensko |2 SNKPH |9 79594 |
| 650 | 0 | 7 | |a technické normy a štandardy |z krajiny Európskej únie |2 SNKPH |9 289341 |
| 650 | 0 | 7 | |a Building materials |2 SNKPHeng |9 266953 |
| 650 | 0 | 7 | |a Material testing |2 SNKPHeng |9 266886 |
| 650 | 0 | 7 | |a Geometrical product specification |2 SNKPHeng |9 327755 |
| 650 | 0 | 7 | |a geometrická špecifikácia produktov |2 SNKPH |9 125433 |
| 655 | 7 | |a normy |2 SNKPH |9 70643 | |
| 700 | 1 | |a Písečná, Anna |4 trl |9 292401 | |
| 700 | 1 | |a Tölgyessyová, Henrieta |c (stavebná inžinierka) |4 aut |9 28164 | |
| 710 | 2 | |a Slovenský ústav technickej normalizácie (Bratislava, Slovensko). |b Technická normalizačná komisia č. 56 Kusové stavivá a skúšobníctvo |4 stn |9 314304 | |
| 710 | 2 | |a Slovenská spoločnosť pre technickú normalizáciu |4 trl |9 36642 | |
| 774 | 1 | 8 | |t STN EN 772-16: 2011 |d Bratislava: Slovenský ústav technickej normalizácie, 2011 |w vtls010323054 |
| 958 | |a NB | ||
| 958 | |a OP | ||
| 999 | |c 1169962 |d 1171892 | ||
| 952 | |a SNK |b SNK |y PREZ |7 0 |p 17A0539437 |o snkSTN EN 772-16 D1 |i snk2007/4048 |8 0 |0 0 |1 0 |4 0 |d 2007-02-12 |l 0 |r 2026-02-24 21:00:55 |w 2026-02-24 | ||
| 952 | |a SNK |b SNK |y PREZ |7 0 |p 17A0539436 |o snkSTN EN 772-16 |i snk2007/4046 |8 0 |0 0 |1 0 |4 0 |d 2007-02-12 |l 0 |r 2026-02-24 21:00:55 |w 2026-02-24 | ||


